|
|
|
|
| LEADER |
01511nam a2200457 a 4500 |
| 001 |
nkc20081818222 |
| 003 |
CZ PrNK |
| 005 |
20081121112141.0 |
| 007 |
ta |
| 008 |
080905s2008 xr abe g f 001 0 cze |
| 015 |
|
|
|a cnb001818222
|
| 020 |
|
|
|a 978-80-7236-642-2
|q (brož.)
|z 80-7236-642-2
|
| 035 |
|
|
|a (OCoLC)271611384
|
| 040 |
|
|
|a BOA001
|b cze
|d ABA001
|
| 041 |
1 |
|
|a cze
|h ger
|
| 043 |
|
|
|a e-ru---
|
| 072 |
|
7 |
|a 913(4)
|x Geografie Evropy, reálie, cestování
|2 Konspekt
|9 7
|
| 080 |
|
|
|a 913(470)
|2 MRF
|
| 080 |
|
|
|a (036)913
|2 MRF
|
| 100 |
1 |
|
|a Gerberding, Eva
|7 xx0002212
|4 aut
|
| 245 |
1 |
0 |
|a Petrohrad /
|c Eva Gerberding ; [překlad Alice Kavinová]
|
| 250 |
|
|
|a České vyd. 2., aktualiz.
|
| 260 |
|
|
|a Praha :
|b Jan Vašut,
|c 2008
|
| 300 |
|
|
|a 128 s. :
|b barev. il., mapy, plány ;
|c 19 cm
|
| 490 |
1 |
|
|a Merian live! ;
|v 75
|
| 500 |
|
|
|a Přeloženo z němčiny
|
| 500 |
|
|
|a Česko-ruský slovníček
|
| 500 |
|
|
|a Chronologický přehled
|
| 500 |
|
|
|a Obsahuje rejstříky
|
| 655 |
|
7 |
|a turistické průvodce
|7 fd133738
|2 czenas
|
| 655 |
|
9 |
|a tourist guidebooks
|2 eczenas
|
| 651 |
|
7 |
|a Petrohrad (Rusko)
|7 ge128542
|2 czenas
|
| 651 |
|
9 |
|a Saint Petersburg (Russia)
|2 eczenas
|
| 700 |
1 |
|
|a Kavinová, Alice
|7 xx0041141
|4 trl
|
| 765 |
0 |
|
|t St. Petersburg
|9 Česky
|
| 830 |
|
0 |
|a Merian live!
|0 s
|
| 910 |
2 |
|
|a BOA001
|b 1-1210.635
|
| 990 |
|
|
|a BK
|
| 995 |
|
|
|a 01
|
| 991 |
|
|
|b 200809
|c NOV
|
| 996 |
6 |
|
|b 2610353497
|c 1-1210.635
|l MZK
|r Sklad / do 1 hodiny
|n 5
|p p.v.
|w 000911695
|u 000010
|a 1
|e BOA001
|j MZK50
|s P
|